000
00293nam a2200109Ia 4500
008
220217s9999 xx 000 0 und d
245
0
_a
Surgical rubber gloves-specification. (First Revision).
260
_c
1989
500
_a
Standard number: IS 4148
650
_a
Surgical gloves
942
_c
ST
999
_c
73768
_d
73768